| 000 | 00411nam a22001577a 4500 | ||
|---|---|---|---|
| 003 | macl | ||
| 005 | 20170613132512.0 | ||
| 008 | 170613b xxu||||| |||| 00| 0 eng d | ||
| 040 | _cmacl | ||
| 082 | _a910/STA | ||
| 100 |
_aStamp ,L.Dudley _967455 |
||
| 245 | _aA Rgional Geraphy australia and New zeal and | ||
| 260 |
_aLondon _bLongmans green and co _c1958 |
||
| 650 |
_aGeography _967456 |
||
| 942 |
_2ddc _cBK |
||
| 999 |
_c56528 _d56528 |
||